[Event "29th Paul Keres Memorial 2020"]
[Site "Tallinn"]
[Date "2020.01.12"]
[Round "9.5"]
[White "Gareyev, Timur"]
[Black "Maly, Alexey"]
[Result "1/2-1/2"]
[WhiteElo "2607"]
[BlackElo "2357"]
[Annotator "TA"]
[PlyCount "171"]
[EventDate "2020.01.11"]
[EventType "swiss"]
[EventCountry "EST"]
[SourceTitle "playchess.com"]
[Source "ChessBase"]
[SourceQuality "1"]

{[%evp 9,171,12,11,8,12,0,5,-15,-12,-26,-14,-25,0,0,0,0,33,12,27,5,20,21,41,19,13,9,19,15,20,-8,0,0,94,50,38,35,34,29,35,17,12,0,25,0,0,0,31,0,19,0,1,0,8,14,7,0,7,-4,7,7,7,7,7,3,50,50,50,50,50,50,50,50,86,50,49,40,40,40,33,32,104,80,89,81,81,53,87,46,53,53,53,53,53,0,53,53,53,16,65,32,29,16,53,29,31,15,98,22,22,0,0,0,0,-23,0,0,0,0,7,0,106,90,202,202,569,569,564,569,553,550,547,530,543,493,672,664,627,569,943,912,897,895,720,489,877,770,822,232,382,270,243,0,0,0,0,0,0,0,0,0,0,0,0,0]} 1. Nf3 d5 2. c4 e6 3. e3 Nf6 4. Nc3 dxc4 (4... Be7 5. b3 O-O 6. Bb2 c5 7. cxd5 exd5 8. d4 Nc6 9. Be2 Ne4 10. dxc5 Bf6 11. Nd4 Qa5 12. Rc1 Nxc5 13. Nxc6 bxc6 14. O-O Ne4 15. Qc2 Nxc3 16. Bxc3 Bxc3 17. Qxc3 Qxa2 {½-½ (31) Duda,J (2758)-Predke,A (2676) Moscow 2019}) 5. Bxc4 a6 6. O-O {A17: English Opening: 1...Nf6 with ...Bb4} b5 7. Bb3 Bb7 8. Qe2 c5 9. d3 Be7 $146 ({Predecessor:} 9... Nbd7 10. e4 Bd6 11. a4 c4 12. dxc4 {½-½ (38) Hera,I (2567)-Horvath,A (2505) Hungary 2009}) 10. a4 b4 11. Nb1 {[%cal Bc3b1,Bb1d2,Bd2c4][%mdl 32]} O-O 12. Nbd2 Nbd7 13. a5 Qc7 14. Nc4 Rad8 15. e4 h6 16. g3 Bc6 17. Bf4 Qa7 18. h4 Bb5 19. Be3 Nb8 20. Nfe5 Nc6 (20... Nfd7 $11 {remains equal.}) 21. Nxc6 $1 $16 Bxc6 22. Rfd1 Bb5 23. Rac1 Nd7 24. Qh5 Nf6 25. Qe2 Nd7 26. Qc2 Rc8 27. Kg2 Qc7 28. f3 Rfd8 29. Bf4 Qc6 30. Qf2 Bxc4 31. Bxc4 Bf6 32. Qe2 {Strongly threatening d4!} Bd4 33. Kh2 Ne5 34. Bxe5 $1 Bxe5 35. f4 Bd4 36. Rf1 Rf8 37. f5 exf5 38. Rxf5 g6 39. Rd5 Kg7 40. Rf1 Rce8 41. h5 Re5 42. Qg4 Rxd5 43. Bxd5 Qd6 44. b3 g5 (44... f5 $14 45. Qxg6+ (45. exf5 Qxd5 46. Qxg6+ {[%mdl 64] Double Attack} Kh8 $11) 45... Qxg6 46. hxg6 fxe4 47. Rxf8 Kxf8) 45. Bc4 Be5 46. Kg2 Bf6 47. Rf5 Be5 48. Qf3 {[%cal Rf5f7]} f6 49. Qg4 Rd8 50. Rf3 Qd7 51. Rf5 (51. Qxd7+ $14 Rxd7 52. Kh3) 51... Qd4 (51... Qd6 $1 $11) 52. Rf2 Qd7 53. Qf3 Bd4 54. Rf1 Be5 55. Qe2 Qd4 56. Rf2 Qd7 57. Bd5 Kf8 (57... Qc8 $11) 58. Rf5 (58. d4 $1 $16 {[%cal Rd4e5]} cxd4 59. Qxa6) 58... Ke7 $11 59. Qf2 {And now Rxe5+! would win.} Bd4 60. Qf1 Qc7 61. Bc4 Be5 62. Qf2 Rd4 63. Qf3 Qd6 64. Qg4 Qd7 (64... Rxd3 $11 65. Bxd3 Qxd3 66. Rxe5+ fxe5) 65. Bxa6 $16 Qa7 (65... Rd6 $16 66. Bc4 Kd8) 66. Bc4 $18 {Threatens to win with Rxe5+!} Qxa5 $2 {[#]} (66... Rd6 67. a6 Kd8) 67. Rxf6 $1 {[%mdl 512]} Bxf6 68. Qe6+ Kd8 {aiming for ...Qa2+.} 69. Qxf6+ {[%mdl 4160] Endgame Double Attack. KQR-KQB} Kc7 70. Qxh6 Qa2+ 71. Kf3 Qd2 {...g4+! is the strong threat.} 72. Qg7+ Rd7 73. Qe5+ {[%mdl 64] Double Attack} Kd8 {intending ...Qd1+.} 74. Qf6+ Kc7 {[#]} 75. Kg4 $1 Qe2+ 76. Qf3 Qd2 (76... Qxf3+ $142 77. Kxf3 Kd6) 77. h6 Rh7 78. e5 $2 (78. Qf8) 78... Rxh6 (78... Qh2 $142 79. Qd5 Qxh6) 79. Qf7+ Kb6 {[#]} 80. Qe8 $2 ({White must play} 80. Bd5 $1 $18 Qxd3 81. Qb7+ Ka5 82. Qa7+ Qa6 83. Qxc5+ Qb5 84. Qd4 Qe2+ 85. Bf3) 80... Qe2+ $11 {The position is equal.} 81. Kxg5 {White threatens Qb8+ and mate.} Qe3+ 82. Kf5 Qf3+ 83. Kg5 Qe3+ 84. Kf5 {Intending Qb8+ and mate.} Qf3+ 85. Kg5 {Qb8+ would kill now.} Qe3+ 86. Kf5 {Accuracy: White = 45%, Black = 53%.} 1/2-1/2

[Event "29th Paul Keres Memorial 2020"]
[Site "Tallinn"]
[Date "2020.01.12"]
[Round "9.6"]
[White "Shishkov, Andrei"]
[Black "Onischuk, Vladimir"]
[Result "0-1"]
[WhiteElo "2390"]
[BlackElo "2631"]
[Annotator "TA"]
[PlyCount "64"]
[EventDate "2020.01.11"]
[EventType "swiss"]
[EventCountry "EST"]
[SourceTitle "playchess.com"]
[Source "ChessBase"]
[SourceQuality "1"]

{[%evp 18,64,45,40,92,25,17,11,58,16,20,9,19,12,36,22,20,18,31,0,9,11,13,-95,-73,-90,-70,-162,-150,-163,-154,-161,-123,-131,-79,-252,-90,-88,-76,-204,-206,-206,-188,-767,-725,-5465,-3225,-29997,-29998]} 1. d4 d6 2. e4 Nf6 3. Nc3 g6 4. Nf3 Bg7 5. Be2 O-O 6. O-O c6 7. a4 Nbd7 8. h3 e5 9. dxe5 dxe5 10. Bc4 Qe7 {B08: Pirc Defence: Classical System} (10... Qa5 $14) (10... h6 11. a5 Qe7 12. b3 Rd8 13. Ba3 Qe8 14. Qc1 b5 15. axb6 axb6 16. Bd6 Bb7 17. Rxa8 Rxa8 18. b4 {½-½ (70) Papp,G (2598)-Movsziszian,K (2485) Benasque 2017}) 11. a5 (11. b3 $16) 11... Nc5 12. Qe2 Nh5 {The position is equal.} 13. Rd1 Nf4 $146 ({Predecessor:} 13... Ne6 14. Be3 Nhf4 15. Qf1 Rd8 16. Rxd8+ Qxd8 {1-0 (47) Silvero,M-Lupis,F (1927) Buenos Aires 2011}) 14. Qf1 Qf6 15. Ne1 Nce6 16. g3 Nh5 17. h4 h6 18. Be2 Nd4 19. Bxh5 gxh5 20. f3 (20. Be3 $11 {remains equal.}) 20... Qg6 $1 $17 21. Qg2 f5 {Threatens to win with ...fxe4.} 22. Be3 ({White should play} 22. a6 $15) 22... fxe4 $1 $19 23. fxe4 Bg4 24. Rd2 Rae8 25. Rf2 Kh7 (25... Rxf2 $142 26. Bxf2 Qe6) 26. Nd3 $2 (26. Kh2 $17) 26... Nf3+ $2 (26... Rxf2 $1 $19 {is more deadly.} 27. Bxf2 Nxc2) 27. Kh1 $17 {[#]} Qe6 $1 28. Nc5 {[#]} (28. Bxa7 $17 Bh3 29. Qxf3 Rxf3 30. Rxf3) 28... Qc8 $1 $19 {Hoping for ...Bh3.} 29. Qf1 Bh3 30. Qd1 $2 (30. Qe2 Qg4 31. Rg1) 30... Qg4 31. Bf4 Rxf4 32. gxf4 {[#]} Bg2+ $1 {[%mdl 512] Accuracy: White = 22%, Black = 55%.} 0-1

[Event "29th Paul Keres Memorial 2020"]
[Site "Tallinn"]
[Date "2020.01.12"]
[Round "10.1"]
[White "Kuzubov, Yuriy"]
[Black "Reprintsev, Alexander"]
[Result "1/2-1/2"]
[WhiteElo "2644"]
[BlackElo "2353"]
[Annotator "ChessBase"]
[PlyCount "119"]
[EventDate "2020.01.11"]
[EventType "swiss"]
[EventCountry "EST"]
[SourceTitle "playchess.com"]
[Source "ChessBase"]
[SourceQuality "1"]
[TimeControl "900+5"]

1. d4 {[%emt 0:00:00]} d5 {[%emt 0:00:00]} 2. c4 {[%emt 0:00:01]} e5 {[%emt 0:00:00]} 3. cxd5 {[%emt 0:01:00]} Qxd5 {[%emt 0:00:00]} 4. e3 {[%emt 0:03:21]} exd4 {[%emt 0:00:08]} 5. Nc3 {[%emt 0:00:22]} Bb4 {[%emt 0:00:02]} 6. exd4 {[%emt 0:00:13]} Nc6 {[%emt 0:00:04]} 7. Nf3 {[%emt 0:01:22]} Bg4 {[%emt 0:00:02]} 8. Be2 {[%emt 0:00:06]} Bxf3 {[%emt 0:00:02]} 9. Bxf3 {[%emt 0:00:05]} Qc4 {[%emt 0:00:00]} 10. Bxc6+ {[%emt 0:01:59]} Qxc6 {[%emt 0:00:02]} 11. O-O {[%emt 0:00:11]} Ne7 {[%emt 0:00:01]} 12. Qb3 {[%emt 0:00:18]} Bd6 {[%emt 0:01:00]} 13. d5 {[%emt 0:00:08]} Qb6 {[%emt 0:00:05]} 14. Nb5 {[%emt 0:00:08]} O-O {[%emt 0:03:46]} 15. Be3 {[%emt 0:00:03]} Qa5 {[%emt 0:01:09]} 16. Rac1 {[%emt 0:00:53]} Nf5 {[%emt 0:00:38]} 17. Nxd6 {[%emt 0:01:42]} cxd6 {[%emt 0:00:17]} 18. Bf4 {[%emt 0:00:25]} Qa6 {[%emt 0:01:25]} 19. Qc4 {[%emt 0:00:26]} Qb6 {[%emt 0:02:58]} 20. Qe4 {[%emt 0:00:44]} g6 {[%emt 0:00:01]} 21. g4 {[%emt 0:00:46]} Rfe8 {[%emt 0:00:03]} 22. Qd3 {[%emt 0:00:03]} Qd4 {[%emt 0:00:16]} 23. Qd2 {[%emt 0:01:06]} Re4 {[%emt 0:00:39]} 24. gxf5 {[%emt 0:00:17]} Rxf4 {[%emt 0:00:01]} 25. Qxd4 {[%emt 0:00:02]} Rxd4 {[%emt 0:00:01]} 26. fxg6 {[%emt 0:00:05]} hxg6 {[%emt 0:00:00]} 27. Rc7 {[%emt 0:00:04]} b6 {[%emt 0:00:18]} 28. Re1 {[%emt 0:00:13]} Rxd5 {[%emt 0:00:01]} 29. Ree7 {[%emt 0:00:04]} Rf5 {[%emt 0:00:57]} 30. Rxa7 {[%emt 0:00:03]} Rxa7 {[%emt 0:00:00]} 31. Rxa7 Rd5 {[%emt 0:01:03]} 32. a4 {[%emt 0:00:36]} Rd2 {[%emt 0:00:33]} 33. b4 {[%emt 0:00:05]} Rd4 {[%emt 0:00:11]} 34. b5 {[%emt 0:00:05]} Kg7 {[%emt 0:00:10]} 35. Ra6 {[%emt 0:00:10]} d5 {[%emt 0:00:04]} 36. Kf1 {[%emt 0:00:04]} Re4 {[%emt 0:00:16]} 37. f3 {[%emt 0:00:11]} Rc4 {[%emt 0:00:05]} 38. Ke2 {[%emt 0:00:04]} g5 {[%emt 0:00:04]} 39. Kd3 {[%emt 0:00:09]} f6 {[%emt 0:00:06]} 40. Rxb6 {[%emt 0:00:06]} Rxa4 {[%emt 0:00:01]} 41. Rd6 {[%emt 0:00:03]} Ra3+ {[%emt 0:00:06]} 42. Kd4 {[%emt 0:00:26]} Rxf3 {[%emt 0:00:03]} 43. b6 {[%emt 0:00:03]} Rb3 {[%emt 0:00:44]} 44. Kc5 {[%emt 0:00:14]} Rb2 {[%emt 0:00:31]} 45. Kc6 {[%emt 0:00:05]} Rxh2 {[%emt 0:00:09]} 46. Rxd5 {[%emt 0:00:03]} g4 {[%emt 0:00:22]} 47. b7 {[%emt 0:00:01]} Rh8 {[%emt 0:00:01]} 48. Kc7 {[%emt 0:00:07]} Kg6 {[%emt 0:00:05]} 49. Rd8 {[%emt 0:00:10]} Rh7+ {[%emt 0:00:01]} 50. Rd7 {[%emt 0:00:01]} Rh8 {[%emt 0:00:01]} 51. Rd8 {[%emt 0:00:04]} Rh7+ {[%emt 0:00:00]} 52. Kc6 {[%emt 0:00:06]} Rxb7 {[%emt 0:00:03]} 53. Kxb7 {[%emt 0:00:01]} Kg5 {[%emt 0:00:06]} 54. Kc6 {[%emt 0:00:03]} g3 {[%emt 0:00:07]} 55. Kd5 {[%emt 0:00:09]} Kf4 {[%emt 0:00:01]} 56. Rg8 {[%emt 0:00:05]} Kf3 {[%emt 0:00:04]} 57. Ke6 {[%emt 0:00:06]} g2 {[%emt 0:00:02]} 58. Kxf6 {[%emt 0:00:03]} Kf2 {[%emt 0:00:00]} 59. Rxg2+ {[%emt 0:00:03]} Kxg2 60. Kf7 1/2-1/2

[Event "29th Paul Keres Memorial 2020"]
[Site "Tallinn"]
[Date "2020.01.12"]
[Round "10.2"]
[White "Kovalenko, Igor"]
[Black "Moiseenko, Alexander"]
[Result "0-1"]
[WhiteElo "2640"]
[BlackElo "2620"]
[Annotator "RC"]
[PlyCount "130"]
[EventDate "2020.01.11"]
[EventType "swiss"]
[EventCountry "EST"]
[SourceTitle "playchess.com"]
[Source "ChessBase"]
[SourceQuality "1"]
[TimeControl "900+5"]

1. e4 {[%emt 0:00:00]} c5 {[%emt 0:00:00]} 2. Nf3 {[%emt 0:00:00]} e6 {[%emt 0:00:00]} 3. c3 {[%emt 0:00:00]} Nf6 {[%emt 0:00:10]} 4. e5 {[%emt 0:00:00]} Nd5 {[%emt 0:00:01]} 5. d4 {[%emt 0:00:00]} cxd4 {[%emt 0:00:06]} 6. cxd4 {[%emt 0:00:00]} d6 {[%emt 0:00:01]} 7. Bc4 {[%emt 0:00:01]} Nc6 {[%emt 0:00:07]} 8. O-O {[%emt 0:00:03]} Be7 {[%emt 0:00:01]} 9. Qe2 {[%emt 0:00:02]} O-O {[%emt 0:00:04]} 10. Rd1 {[%emt 0:00:00]} Na5 {[%emt 0:00:45]} 11. Bb5 {[%emt 0:00:02]} Bd7 {[%emt 0:01:50]} 12. Bd3 {[%emt 0:00:01]} Nb4 {[%emt 0:01:32]} 13. Nc3 {[%emt 0:00:01]} Nxd3 {[%emt 0:00:05]} 14. Rxd3 {[%emt 0:00:01]} b5 {[%emt 0:01:37]} 15. a3 {[%emt 0:01:29]} Nb3 {[%emt 0:00:29]} 16. Rb1 {[%emt 0:00:02]} Nxc1 {[%emt 0:00:17]} 17. Rxc1 {[%emt 0:00:00]} Rc8 {[%emt 0:00:04]} 18. d5 {[%emt 0:02:16]} exd5 {[%emt 0:00:13]} 19. exd6 {[%emt 0:00:03]} Bxd6 {[%emt 0:00:09]} 20. Rcd1 {[%emt 0:00:54]} Re8 {[%emt 0:00:09]} 21. Qd2 {[%emt 0:00:10]} Bc6 {[%emt 0:02:25]} 22. Nd4 {[%emt 0:02:42]} b4 {[%emt 0:01:19]} 23. axb4 {[%emt 0:00:44]} Bxb4 {[%emt 0:00:08]} 24. Nxc6 {[%emt 0:00:53]} Rxc6 {[%emt 0:00:02]} 25. Rxd5 {[%emt 0:00:01]} Qf6 {[%emt 0:00:39]} 26. g3 {[%emt 0:03:00]} Bxc3 {[%emt 0:00:13]} 27. bxc3 {[%emt 0:00:00]} g6 {[%emt 0:00:44]} 28. Rc1 {[%emt 0:00:49]} Qf3 {[%emt 0:01:06]} 29. c4 {[%emt 0:01:28]} Re2 {[%emt 0:00:52]} 30. Qd4 {[%emt 0:00:08]} Rf6 {[%emt 0:00:06]} 31. Rd8+ {[%emt 0:00:40]} Kg7 {[%emt 0:00:01]} 32. Rf1 {[%emt 0:00:01]} Qb7 {[%emt 0:01:40]} 33. Qc5 {[%emt 0:01:09]} Qe7 {[%emt 0:00:02]} 34. Qc8 {[%emt 0:00:01]} Qe6 {[%emt 0:00:37]} 35. Qc5 {[%emt 0:00:57]} Qe7 {[%emt 0:00:11]} 36. Qc8 Qe6 37. Rg8+ {[%emt 0:00:03]} Kh6 {[%emt 0:00:01]} 38. Qf8+ {[%emt 0:00:05]} Kg5 {[%emt 0:00:04]} 39. Qc5+ {[%emt 0:00:10]} Rf5 {[%emt 0:00:18]} 40. Qd4 {[%emt 0:00:08]} Qe4 {[%emt 0:00:04]} 41. Qd8+ {[%emt 0:00:14]} Qe7 {[%emt 0:00:05]} 42. Qd1 {[%emt 0:00:02]} Rfxf2 {[%emt 0:00:05]} 43. Qd5+ {[%emt 0:00:04]} Re5 {[%emt 0:00:07]} 44. Rxf2 {[%emt 0:00:05]} Rxd5 {[%emt 0:00:01]} 45. cxd5 {[%emt 0:00:00]} Qe1+ {[%emt 0:00:01]} 46. Rf1 {[%emt 0:00:01]} Qe3+ {[%emt 0:00:01]} 47. Rf2 {[%emt 0:00:01]} Qe1+ {[%emt 0:00:02]} 48. Rf1 {[%emt 0:00:01]} Qe3+ {[%emt 0:00:01]} 49. Rf2 {[%emt 0:00:02]} Qe1+ {[%emt 0:00:15]} 50. Rf1 {[%emt 0:00:01]} Qe3+ {[%emt 0:00:01]} 51. Rf2 {[%emt 0:00:02]} Qd4 {[%emt 0:00:08]} 52. Re8 {[%emt 0:00:29]} Qd1+ {[%emt 0:00:09]} 53. Rf1 {[%emt 0:00:02]} Qxd5 {[%emt 0:00:02]} 54. Re2 {[%emt 0:00:10]} a5 {[%emt 0:00:06]} 55. Rff2 {[%emt 0:00:10]} f5 {[%emt 0:00:05]} 56. Rd2 {[%emt 0:00:02]} Qc5 57. Rc2 Qe3 {[%emt 0:00:06]} 58. Rce2 {[%emt 0:00:01]} Qc1+ {[%emt 0:00:01]} 59. Kg2 {[%emt 0:00:02]} Qc6+ {[%emt 0:00:03]} 60. Rf3 {[%emt 0:00:02]} a4 {[%emt 0:00:10]} 61. Ree3 {[%emt 0:00:09]} h5 {[%emt 0:00:04]} 62. Kf2 {[%emt 0:00:03]} Qc2+ {[%emt 0:00:09]} 63. Kg1 {[%emt 0:00:01]} h4 {[%emt 0:00:06]} 64. gxh4+ {[%emt 0:00:01]} Kxh4 {[%emt 0:00:02]} 65. Rf2 {[%emt 0:00:11]} Qc1+ {[%emt 0:00:03]} 0-1

[Event "29th Paul Keres Memorial 2020"]
[Site "Tallinn"]
[Date "2020.01.12"]
[Round "10.3"]
[White "Turov, Maxim"]
[Black "Onischuk, Vladimir"]
[Result "0-1"]
[WhiteElo "2567"]
[BlackElo "2631"]
[Annotator "ChessBase"]
[PlyCount "81"]
[EventDate "2020.01.11"]
[EventType "swiss"]
[EventCountry "EST"]
[SourceTitle "playchess.com"]
[Source "ChessBase"]
[SourceQuality "1"]
[TimeControl "900+5"]

1. d4 {[%emt 0:00:00]} d6 {[%emt 0:01:06]} 2. Nf3 {[%emt 0:00:03]} g6 {[%emt 0:00:01]} 3. g3 {[%emt 0:00:02]} Bg7 {[%emt 0:00:01]} 4. Bg2 {[%emt 0:00:00]} Nf6 {[%emt 0:00:01]} 5. O-O {[%emt 0:00:02]} O-O {[%emt 0:00:02]} 6. Re1 {[%emt 0:00:01]} Nbd7 {[%emt 0:00:39]} 7. e4 {[%emt 0:00:05]} e5 {[%emt 0:00:02]} 8. Nc3 {[%emt 0:00:07]} c6 {[%emt 0:00:09]} 9. a4 {[%emt 0:00:03]} Re8 {[%emt 0:00:13]} 10. h3 {[%emt 0:00:04]} Qc7 {[%emt 0:00:10]} 11. Bg5 {[%emt 0:00:04]} h6 {[%emt 0:00:42]} 12. Be3 {[%emt 0:00:03]} b6 {[%emt 0:00:13]} 13. Qd2 {[%emt 0:00:35]} Kh7 {[%emt 0:00:01]} 14. Rad1 {[%emt 0:00:46]} Bb7 {[%emt 0:00:11]} 15. dxe5 {[%emt 0:00:09]} dxe5 {[%emt 0:00:02]} 16. Qd6 {[%emt 0:00:25]} Qxd6 {[%emt 0:00:05]} 17. Rxd6 {[%emt 0:00:01]} Bf8 {[%emt 0:00:02]} 18. Rdd1 {[%emt 0:00:18]} Bb4 {[%emt 0:01:18]} 19. Nd2 {[%emt 0:00:48]} Ba6 {[%emt 0:00:35]} 20. Bf1 {[%emt 0:00:14]} Bxf1 {[%emt 0:00:02]} 21. Kxf1 {[%emt 0:00:03]} Rad8 {[%emt 0:00:52]} 22. f3 {[%emt 0:00:10]} Nc5 {[%emt 0:00:35]} 23. a5 {[%emt 0:00:20]} Bxa5 {[%emt 0:00:38]} 24. Bxc5 {[%emt 0:00:17]} bxc5 {[%emt 0:00:15]} 25. Nc4 {[%emt 0:00:20]} Bb4 {[%emt 0:02:22]} 26. Rxd8 {[%emt 0:00:26]} Rxd8 {[%emt 0:00:01]} 27. Nxe5 {[%emt 0:01:16]} Nh5 {[%emt 0:00:01]} 28. Rd1 {[%emt 0:00:25]} Bxc3 {[%emt 0:01:39]} 29. Rxd8 {[%emt 0:00:02]} Bxe5 {[%emt 0:00:16]} 30. Rd7 {[%emt 0:01:38]} Nxg3+ {[%emt 0:00:33]} 31. Kf2 {[%emt 0:00:01]} Kg7 {[%emt 0:00:01]} 32. Rxa7 Nh5 {[%emt 0:00:11]} 33. Ra6 {[%emt 0:00:47]} Bxb2 {[%emt 0:00:16]} 34. Rxc6 {[%emt 0:00:03]} Bd4+ {[%emt 0:00:02]} 35. Kg2 {[%emt 0:00:11]} Nf4+ {[%emt 0:00:05]} 36. Kg3 {[%emt 0:00:02]} Be3 {[%emt 0:00:01]} 37. Rc7 {[%emt 0:00:41]} Ne6 {[%emt 0:00:13]} 38. Rc6 {[%emt 0:00:06]} Nd4 {[%emt 0:00:27]} 39. Rc8 {[%emt 0:00:02]} Nxc2 {[%emt 0:00:21]} 40. f4 {[%emt 0:00:01]} Nd4 {[%emt 0:00:04]} 41. e5 {[%emt 0:00:15]} 0-1

[Event "29th Paul Keres Memorial 2020"]
[Site "Tallinn"]
[Date "2020.01.12"]
[Round "10.4"]
[White "Tiviakov, Sergei"]
[Black "Seeman, Tarvo"]
[Result "1-0"]
[WhiteElo "2608"]
[BlackElo "2410"]
[Annotator "ChessBase"]
[PlyCount "85"]
[EventDate "2020.01.11"]
[EventType "swiss"]
[EventCountry "EST"]
[SourceTitle "playchess.com"]
[Source "ChessBase"]
[SourceQuality "1"]
[TimeControl "900+5"]

1. e4 {[%emt 0:00:00]} g6 {[%emt 0:00:00]} 2. d4 {[%emt 0:00:00]} Bg7 {[%emt 0:00:00]} 3. c3 {[%emt 0:00:00]} d6 {[%emt 0:00:01]} 4. Nf3 {[%emt 0:00:01]} Nf6 {[%emt 0:00:04]} 5. Bd3 {[%emt 0:00:02]} O-O {[%emt 0:00:05]} 6. O-O {[%emt 0:00:03]} Nc6 {[%emt 0:00:07]} 7. d5 {[%emt 0:00:02]} Nb8 {[%emt 0:00:08]} 8. h3 {[%emt 0:00:02]} e5 {[%emt 0:00:10]} 9. dxe6 {[%emt 0:00:02]} Bxe6 {[%emt 0:00:05]} 10. Bg5 {[%emt 0:00:06]} Nbd7 {[%emt 0:00:35]} 11. Nbd2 {[%emt 0:00:07]} Re8 {[%emt 0:00:58]} 12. Nd4 {[%emt 0:00:14]} Nc5 {[%emt 0:00:32]} 13. Bc2 {[%emt 0:00:03]} Bd7 {[%emt 0:03:24]} 14. f4 {[%emt 0:00:09]} Bc6 {[%emt 0:01:58]} 15. Qf3 {[%emt 0:00:38]} Ne6 {[%emt 0:00:25]} 16. Nxc6 {[%emt 0:00:58]} bxc6 {[%emt 0:00:02]} 17. Bh4 {[%emt 0:00:03]} Qb8 {[%emt 0:00:56]} 18. f5 {[%emt 0:03:42]} gxf5 {[%emt 0:01:17]} 19. Bxf6 {[%emt 0:00:03]} Bxf6 {[%emt 0:00:08]} 20. Qxf5 {[%emt 0:00:02]} Be5 {[%emt 0:00:25]} 21. Qxf7+ {[%emt 0:00:15]} Kh8 {[%emt 0:00:01]} 22. Nc4 {[%emt 0:01:04]} Qb5 {[%emt 0:00:45]} 23. Bd3 {[%emt 0:00:46]} Ng5 {[%emt 0:01:52]} 24. Qh5 {[%emt 0:00:07]} Rg8 {[%emt 0:00:12]} 25. Rf5 {[%emt 0:00:34]} Ne6 {[%emt 0:00:39]} 26. Qh4 {[%emt 0:03:49]} Qc5+ {[%emt 0:00:28]} 27. Kh1 {[%emt 0:00:02]} Ng7 {[%emt 0:00:27]} 28. Rf7 {[%emt 0:00:20]} a5 {[%emt 0:00:49]} 29. Raf1 {[%emt 0:00:04]} Rae8 {[%emt 0:00:18]} 30. Rxc7 {[%emt 0:00:09]} Re6 {[%emt 0:00:24]} 31. Rf5 {[%emt 0:00:22]} Rg6 {[%emt 0:00:11]} 32. Nxe5 {[%emt 0:01:19]} dxe5 {[%emt 0:00:02]} 33. Bf1 {[%emt 0:00:43]} Qb6 {[%emt 0:00:01]} 34. Rcf7 {[%emt 0:00:10]} Qxb2 {[%emt 0:00:02]} 35. Rxe5 {[%emt 0:00:09]} Qxc3 {[%emt 0:00:04]} 36. Ree7 {[%emt 0:00:13]} Qa1 {[%emt 0:00:11]} 37. Qf2 {[%emt 0:00:06]} a4 {[%emt 0:00:05]} 38. Rf8 {[%emt 0:00:09]} Nh5 {[%emt 0:00:07]} 39. Rxg8+ {[%emt 0:00:14]} Rxg8 {[%emt 0:00:01]} 40. Kh2 {[%emt 0:00:02]} Qc3 {[%emt 0:00:11]} 41. Be2 {[%emt 0:00:06]} Qb4 {[%emt 0:00:08]} 42. Qf7 {[%emt 0:00:19]} Ng7 {[%emt 0:00:05]} 43. Bc4 {[%emt 0:00:07]} 1-0

[Event "29th Paul Keres Memorial 2020"]
[Site "Tallinn"]
[Date "2020.01.12"]
[Round "10.5"]
[White "Maly, Alexey"]
[Black "Fridman, Daniel"]
[Result "1/2-1/2"]
[WhiteElo "2357"]
[BlackElo "2622"]
[Annotator "ChessBase"]
[PlyCount "78"]
[EventDate "2020.01.11"]
[EventType "swiss"]
[EventCountry "EST"]
[SourceTitle "playchess.com"]
[Source "ChessBase"]
[SourceQuality "1"]
[TimeControl "900+5"]

1. d4 {[%emt 0:00:00]} d5 {[%emt 0:01:00]} 2. c4 {[%emt 0:00:00]} e6 {[%emt 0:00:01]} 3. Nf3 {[%emt 0:00:00]} Nf6 {[%emt 0:00:02]} 4. e3 {[%emt 0:00:00]} a6 {[%emt 0:00:04]} 5. Nbd2 {[%emt 0:00:02]} c5 {[%emt 0:00:08]} 6. dxc5 {[%emt 0:00:04]} Bxc5 7. a3 O-O {[%emt 0:00:11]} 8. b4 {[%emt 0:00:01]} Bd6 {[%emt 0:00:15]} 9. Bb2 {[%emt 0:00:01]} Nc6 {[%emt 0:00:01]} 10. Be2 {[%emt 0:00:07]} Qe7 {[%emt 0:00:05]} 11. O-O {[%emt 0:00:05]} Rd8 {[%emt 0:00:14]} 12. Qb3 {[%emt 0:00:01]} a5 {[%emt 0:01:47]} 13. b5 {[%emt 0:00:10]} a4 {[%emt 0:00:02]} 14. Qc2 {[%emt 0:00:40]} Nb8 {[%emt 0:00:02]} 15. Rfd1 {[%emt 0:00:25]} Nbd7 {[%emt 0:00:02]} 16. cxd5 {[%emt 0:00:57]} exd5 {[%emt 0:00:03]} 17. Nd4 {[%emt 0:00:17]} Ne5 {[%emt 0:00:48]} 18. Nf5 {[%emt 0:00:08]} Bxf5 {[%emt 0:00:02]} 19. Qxf5 {[%emt 0:00:02]} g6 {[%emt 0:01:16]} 20. Qg5 {[%emt 0:00:28]} h6 {[%emt 0:00:01]} 21. Qxh6 {[%emt 0:00:21]} Rac8 {[%emt 0:00:21]} 22. Bd4 {[%emt 0:02:21]} Ned7 {[%emt 0:01:57]} 23. Nf3 {[%emt 0:02:02]} Bxa3 {[%emt 0:00:05]} 24. Ng5 {[%emt 0:01:01]} Ra8 {[%emt 0:03:12]} 25. Rxa3 {[%emt 0:03:56]} Qxa3 {[%emt 0:00:03]} 26. Ne6 {[%emt 0:00:02]} fxe6 {[%emt 0:00:18]} 27. Qxg6+ {[%emt 0:00:01]} Kf8 {[%emt 0:00:08]} 28. Bxf6 {[%emt 0:00:02]} Nxf6 {[%emt 0:00:12]} 29. Qxf6+ {[%emt 0:00:01]} Ke8 {[%emt 0:00:43]} 30. Qxe6+ {[%emt 0:00:11]} Kf8 {[%emt 0:00:01]} 31. Rd4 {[%emt 0:00:37]} Qa1+ {[%emt 0:02:19]} 32. Bd1 {[%emt 0:00:17]} Qxd4 {[%emt 0:00:02]} 33. exd4 {[%emt 0:00:00]} Re8 {[%emt 0:00:01]} 34. Qf6+ {[%emt 0:00:13]} Kg8 {[%emt 0:00:01]} 35. Qg5+ {[%emt 0:00:05]} Kf8 {[%emt 0:00:05]} 36. Qf5+ {[%emt 0:00:06]} Kg7 {[%emt 0:00:02]} 37. Qg5+ {[%emt 0:00:05]} Kf8 {[%emt 0:00:01]} 38. Qf6+ {[%emt 0:00:29]} Kg8 {[%emt 0:00:02]} 39. Qg5+ {[%emt 0:00:29]} Kf8 1/2-1/2